[Event "Challenge"]
[Site "http://www.queenalice.com/game.php?id=1217186"]
[Date "2013.9.15"]
[Round "-"]
[White "MichaelVanMarcke"]
[Black "eddval"]
[Result "1-0"]
[WhiteElo "2320"]
[BlackElo "2253"]

1. d4 Nf6 2. c4 e6 3. Nc3 Bb4 4. Nf3 O-O 5. Bg5 h6 6. Bh4 g5 7. Bg3 Ne4 8. Qc2
f5 9. O-O-O Bxc3 10. bxc3 d6 11. Nd2 Nxd2 12. Rxd2 Kg7 13. f3 Nd7 14. e4 f4 15.
Bf2 e5 16. h4 Qe7 17. hxg5 hxg5 18. Rg1 Nf6 19. g3 Kf7 20. gxf4 gxf4 21. Bh4 Be6
22. Rdg2 Rg8 23. c5 Raf8 24. Rxg8 Rxg8 25. Rxg8 Kxg8 26. Qg2+ Kf7 27. Qg5 Qd8
28. dxe5 dxe5 29. Qxe5 Qh8 30. Qxf4 Kg6 31. e5 Ng8 32. Bd3+ Kg7 33. Bf6+ 1-0

[Event "Challenge"]
[Site "http://www.queenalice.com/game.php?id=1230779"]
[Date "2013.11.7"]
[Round "-"]
[White "eddval"]
[Black "MichaelVanMarcke"]
[Result "0-1"]
[WhiteElo "2180"]
[BlackElo "2348"]

1. e4 g6 2. d4 Bg7 3. f4 d6 4. Nf3 Nf6 5. Nc3 O-O 6. Be2 c5 7. dxc5 Qa5 8. O-O
Qxc5+ 9. Kh1 Nc6 10. a3 Bg4 11. Qd3 Bxf3 12. Bxf3 e6 13. Be3 Qa5 14. Qxd6 Rfd8
15. Qc5 Qxc5 16. Bxc5 Nd7 17. Bd6 Nb6 18. e5 Nc4 19. Ne4 Nd4 20. Rf2 Nxf3 21.
Rxf3 f5 22. Nc5 Nxd6 23. exd6 Rxd6 24. Nd3 Rb6 25. Rb1 Bd4 26. Rff1 Rd8 27. g3
Kf7 28. Kg2 Rbd6 29. Rbe1 Kf6 30. Re2 b5 31. Rfe1 a5 32. Kf3 h6 33. h4 b4 34. a4
Rc8 35. Rg2 g5 36. hxg5+ hxg5 37. fxg5+ Kxg5 38. Rge2 Re8 39. Ne5 Rd5 40. Nc4
Rc5 41. b3 e5 42. Rh1 e4+ 43. Kg2 Rd5 44. Rd1 f4 45. Red2 Red8 46. gxf4+ Kxf4
47. Rf1+ Kg4 48. Rfd1 Kf4 49. Rf1+ Kg5 50. Rfd1 Kf6 51. Kf1 Rf5+ 52. Ke2 Rf2+
53. Ke1 Rxd2 54. Kxd2 Be5+ 55. Ke2 Rxd1 56. Kxd1 Bc7 57. Ke2 Ke6 58. Kd2 Kd5 59.
c3 Bf4+ 60. Kc2 Kc5 61. Nxa5 e3 62. Nc4 e2 63. Nb2 e1=N+ 64. Kd1 bxc3 65. Nd3+
Nxd3 66. Kc2 Kd4 0-1

[Event "Challenge"]
[Site "http://www.queenalice.com/game.php?id=1230802"]
[Date "2013.11.7"]
[Round "-"]
[White "MichaelVanMarcke"]
[Black "eddval"]
[Result "1-0"]
[WhiteElo "2339"]
[BlackElo "2242"]

1. d4 Nf6 2. c4 e6 3. Nc3 Bb4 4. Nf3 b6 5. Bg5 h6 6. Bh4 g5 7. Bg3 Bb7 8. Nd2
Bxc3 9. bxc3 d6 10. f3 Nbd7 11. e4 e5 12. a4 a5 13. Bf2 Qe7 14. Bd3 O-O 15. h4
Kg7 16. Nf1 Bc8 17. hxg5 hxg5 18. Ng3 Nb8 19. Qd2 Kg6 20. Nf5 1-0

[Event "AUTO-OPEN-2590"]
[Site "http://www.queenalice.com/game.php?id=1241816"]
[Date "2013.12.21"]
[Round "3"]
[White "kobra23"]
[Black "MichaelVanMarcke"]
[Result "1-0"]
[WhiteElo "2543"]
[BlackElo "2350"]

1. Nf3 Nf6 2. c4 g6 3. d4 Bg7 4. Nc3 d6 5. e4 O-O 6. h3 c5 7. d5 e6 8. Bd3 Na6
9. O-O Nc7 10. Re1 exd5 11. exd5 Rb8 12. a4 a6 13. a5 b5 14. axb6 Rxb6 15. Qc2
Bd7 16. Be3 Re8 17. Re2 Qb8 18. Rae1 a5 19. Bc1 Rxe2 20. Qxe2 Na6 21. Bb1 Qe8
22. Qd1 Qd8 23. Re2 Nb4 24. Bf4 a4 25. Bg5 h6 26. Bd2 Ra6 27. Qc1 Kh7 28. Re1
Ra7 29. Bf4 Ra6 30. Bh2 Kg8 31. Nd2 Qf8 32. Nf1 Nh5 33. Ne3 f5 34. g4 fxg4 35.
Nxg4 g5 36. Qe3 Nf6 37. Nxf6+ Bxf6 38. Nb5 Bxb2 39. Qe4 Qg7 40. Nc7 Rb6 41. Ne8
Qf7 42. Nxd6 Qg7 43. Nf5 Qf7 44. d6 1-0

[Event "AUTO-OPEN-2590"]
[Site "http://www.queenalice.com/game.php?id=1241817"]
[Date "2013.12.21"]
[Round "3"]
[White "MichaelVanMarcke"]
[Black "kobra23"]
[Result "0-1"]
[WhiteElo "2357"]
[BlackElo "2523"]

1. d4 Nf6 2. c4 g6 3. Nc3 Bg7 4. e4 c5 5. e5 Ng8 6. Bf4 cxd4 7. Qxd4 Nc6 8. Qd5
f6 9. Nf3 fxe5 10. Nxe5 Nxe5 11. Bxe5 Nf6 12. Qb5 a6 13. Qb3 d6 14. Rd1 Be6 15.
Bd4 O-O 16. Qxb7 Rb8 17. Qxa6 Ng4 18. Bxg7 Kxg7 19. Rd2 Qc7 20. Nb5 Qc5 21. Qa3
Qe5+ 22. Re2 Qf5 23. Qc3+ Ne5 24. f3 Bxc4 25. Rxe5 dxe5 26. Qxc4 Rbc8 27. Qe4
Rc1+ 28. Ke2 Rc2+ 29. Kd3 Rxb2 30. Qxf5 gxf5 31. a4 Rd8+ 32. Kc3 Rb1 33. a5 Rc8+
34. Kd2 Rb2+ 35. Ke3 Rc1 36. a6 Re1+ 37. Kd3 Rxb5 38. Kd2 Rbb1 39. a7 Rbd1+ 40.
Kc3 Rd8 41. g4 f4 0-1

[Event "AUTO-OPEN-2590"]
[Site "http://www.queenalice.com/game.php?id=1241818"]
[Date "2013.12.21"]
[Round "3"]
[White "chein"]
[Black "MichaelVanMarcke"]
[Result "0-1"]
[WhiteElo "1945"]
[BlackElo "2355"]

1. Nc3 g6 2. d4 Bg7 3. e4 d6 4. h3 Nf6 5. Nf3 O-O 6. Be3 c6 7. a4 Qa5 8. Nd2 Be6
9. Be2 Na6 10. O-O Rfc8 11. f4 Nc7 12. Qc1 Rab8 13. g4 Na6 14. f5 Bd7 15. g5 Ne8
16. h4 d5 17. Nb3 Qd8 0-1

[Event "AUTO-OPEN-2590"]
[Site "http://www.queenalice.com/game.php?id=1241819"]
[Date "2013.12.21"]
[Round "3"]
[White "MichaelVanMarcke"]
[Black "chein"]
[Result "1-0"]
[WhiteElo "2356"]
[BlackElo "1943"]

1. d4 Nf6 2. c4 e5 3. dxe5 Ng4 4. Nf3 Nc6 5. Bf4 Bb4+ 6. Nc3 Qe7 7. Qd5 Bxc3+ 8.
bxc3 f6 9. exf6 Nxf6 10. Qb5 Ne4 11. Bxc7 O-O 12. Qd5+ Kh8 13. c5 Nxc3 14. Qd3
Ne4 15. Bd6 Qf6 16. Rc1 Re8 17. e3 Qb2 18. Rc2 1-0

[Event "AUTO-ELITE-1306"]
[Site "http://www.queenalice.com/game.php?id=1267490"]
[Date "2014.3.23"]
[Round "1"]
[White "MichaelVanMarcke"]
[Black "PhiVer"]
[Result "0-1"]
[WhiteElo "2344"]
[BlackElo "2653"]

1. d4 Nf6 2. c4 c5 3. d5 b5 4. cxb5 a6 5. bxa6 Bxa6 6. Nc3 d6 7. e4 Bxf1 8. Kxf1
g6 9. Nf3 Bg7 10. g3 O-O 11. Kg2 Nbd7 12. Re1 Qb6 13. Nd2 Ne5 14. Qe2 Qa6 15.
Qxa6 Rxa6 16. Rd1 Nfd7 17. f4 Nd3 18. Nc4 Nxc1 19. Rdxc1 Rb8 20. Rc2 Rb4 21. Nd1
Nb6 22. Nxb6 Raxb6 23. Kf3 Ra6 24. Re2 Bd4 25. h3 Kg7 26. e5 Ra8 27. a3 Rb3+ 28.
Nc3 Rxb2 29. Rxb2 Bxc3 30. Rba2 Bxa1 31. Rxa1 Ra4 32. Ra2 dxe5 33. fxe5 f6 34.
exf6+ Kxf6 35. Rc2 Rxa3+ 36. Kf2 Ra5 37. Re2 Kf7 38. h4 h5 39. Re4 Ra2+ 40. Ke3
Ra3+ 41. Kf2 Rd3 42. Re5 c4 43. Re4 c3 44. Rc4 Kf6 45. Rc7 Ke5 0-1

[Event "AUTO-ELITE-1306"]
[Site "http://www.queenalice.com/game.php?id=1267491"]
[Date "2014.3.23"]
[Round "1"]
[White "PhiVer"]
[Black "MichaelVanMarcke"]
[Result "1-0"]
[WhiteElo "2655"]
[BlackElo "2341"]

1. e4 g6 2. d4 Bg7 3. Nc3 d6 4. Be3 c6 5. Qd2 b5 6. Bd3 Nd7 7. Nf3 Nb6 8. h3 Rb8
9. O-O f5 10. e5 b4 11. Ne2 Nd5 12. Bg5 Qc7 13. Rfe1 dxe5 14. Nxe5 Ngf6 15. c4
bxc3 16. Nxc3 Qd6 17. Rac1 Bd7 18. Na4 h6 19. Bh4 Rb4 20. Nc5 Rxd4 21. Bxf6 Nxf6
22. Qc2 O-O 23. Nxg6 Re8 24. Nxd7 Nxd7 25. Bxf5 e6 26. Qxc6 Kf7 27. Be4 Qxc6 28.
Rxc6 Rxe4 29. Rxe4 Kxg6 30. Rcxe6+ Rxe6 31. Rxe6+ Kf7 32. Ra6 Bxb2 33. Rxa7 Ke7
34. g4 Be5 35. Kg2 Bb8 36. Ra6 Bd6 37. a4 Nc5 38. Ra7+ Ke6 39. a5 Kd5 40. a6 Kc6
41. h4 Kb5 42. Rh7 Nxa6 43. Rxh6 Kc5 44. f4 Nc7 45. Kf3 Kd5 46. f5 Be5 47. g5
Ne8 48. Ra6 Bc3 49. h5 Ng7 50. Kg4 1-0

[Event "AUTO-ELITE-1306"]
[Site "http://www.queenalice.com/game.php?id=1267492"]
[Date "2014.3.23"]
[Round "1"]
[White "MichaelVanMarcke"]
[Black "FabioDavid"]
[Result "1/2-1/2"]
[WhiteElo "2361"]
[BlackElo "2531"]

1. d4 d5 2. c4 e6 3. Nc3 Be7 4. Nf3 Nf6 5. Bg5 O-O 6. e3 h6 7. Bh4 b6 8. cxd5
Nxd5 9. Bxe7 Qxe7 10. Nxd5 exd5 11. Rc1 Be6 12. Be2 c5 13. dxc5 bxc5 14. O-O Nd7
15. Qc2 Rfc8 16. Rfd1 a5 17. Bb5 Rab8 18. a4 Nf6 19. Qc3 Ne4 20. Qxa5 Qf6 21.
Rc2 Bg4 22. Rxd5 Bxf3 23. Qa6 Bg4 24. Qxf6 Nxf6 25. Rdxc5 Rxc5 26. Rxc5 Bd7 27.
Kf1 Bxb5+ 28. axb5 Ne4 29. Rd5 Rb6 30. Ke2 Kf8 31. f3 Nd6 32. Kd3 Nxb5 33. Kc4
Nc7 34. Rd2 Rc6+ 35. Kb4 f5 36. Ka4 Ke7 37. b4 Ra6+ 38. Kb3 Ra1 39. e4 fxe4 40.
Re2 Ne6 41. Rxe4 Kd6 42. Kc4 Ra2 43. Rg4 g5 44. h4 h5 45. Rg3 gxh4 46. Rh3 Rxg2
47. Rxh4 Rg5 48. Kd3 Nc7 49. Ke3 Rb5 50. Kf2 Na6 51. Kg3 Nxb4 52. Rd4+ Ke5 53.
Rc4 Kf6 54. Kh4 Kg6 55. f4 Nd3 56. Rc6+ Kf7 57. Rc7+ Ke6 58. Rc6+ Kd7 59. Rc4
Rd5 60. f5 Ne5 61. Ra4 Ke7 62. Kg5 Rd1 63. Ra7+ Nd7 64. Kxh5 1/2-1/2

[Event "AUTO-ELITE-1306"]
[Site "http://www.queenalice.com/game.php?id=1267493"]
[Date "2014.3.23"]
[Round "1"]
[White "FabioDavid"]
[Black "MichaelVanMarcke"]
[Result "0-1"]
[WhiteElo "2566"]
[BlackElo "2338"]

1. e4 g6 2. d4 Bg7 3. Nc3 d6 4. Nf3 c6 5. h3 b5 6. Bd3 Nd7 7. O-O Bb7 8. Qe2 b4
9. Na4 c5 10. dxc5 Bc6 11. b3 Bxa1 12. cxd6 Bf6 13. Bf4 e5 14. Be3 Qb8 15. Nc5
Qxd6 16. Na6 Bd8 17. Rd1 Ngf6 18. Bh6 Bb6 19. Kh2 O-O-O 20. Bb5 Bxb5 21. Qxb5
Bd4 22. Ng5 Qb6 23. Nxf7 Nxe4 24. Qc4+ Ndc5 25. Nxc5 Qxc5 26. Rxd4 exd4 27. Qe6+
Rd7 28. Bf4 Qd5 29. Nd6+ Qxd6 30. Bxd6 Nxd6 31. Qe5 Nf7 32. Qc5+ Kb8 33. Qxb4+
Ka8 34. Qc4 Rhd8 35. f4 Kb8 36. f5 Rc7 37. Qb5+ Rb7 38. Qd3 gxf5 39. Qxf5 h6 40.
a4 Rd6 41. b4 a6 42. Qf4 Rc7 43. a5 Re7 44. Qf5 Kb7 45. Qh7 Kc7 46. Qg7 Kd7 47.
Qg3 Re5 48. Qd3 Rb5 0-1

[Event "AUTO-OPEN-3257"]
[Site "http://www.queenalice.com/game.php?id=1283267"]
[Date "2014.5.21"]
[Round "1"]
[White "TITAN10"]
[Black "MichaelVanMarcke"]
[Result "0-1"]
[WhiteElo "1723"]
[BlackElo "2366"]

1. e4 g6 2. d4 Bg7 3. Nf3 d6 4. h3 Nf6 5. Bd3 O-O 6. O-O c5 7. c3 Nc6 8. Be3
cxd4 9. cxd4 Nb4 10. Nc3 Nxd3 11. Qxd3 b6 12. Rfe1 Bb7 13. Rac1 Rc8 14. d5 Qd7
15. Nh2 e6 16. dxe6 fxe6 17. f3 Rfd8 18. Red1 Qf7 19. Qe2 d5 20. exd5 exd5 21.
Bd4 Re8 22. Qf2 Rc4 23. Re1 Ne4 24. Nxe4 Bxd4 0-1

[Event "AUTO-OPEN-3257"]
[Site "http://www.queenalice.com/game.php?id=1283268"]
[Date "2014.5.21"]
[Round "1"]
[White "MichaelVanMarcke"]
[Black "TITAN10"]
[Result "1-0"]
[WhiteElo "2367"]
[BlackElo "1721"]

1. d4 Nf6 2. c4 e6 3. Nf3 c5 4. d5 d6 5. Nc3 e5 6. e4 Be7 7. Be2 Bg4 8. O-O O-O
9. Be3 Nbd7 10. Ne1 Bxe2 11. Qxe2 a6 12. Nc2 Re8 13. Bd2 Rb8 14. Rab1 Nf8 15.
Ne3 Ng6 16. Nf5 Qd7 17. a3 Bd8 18. Qf3 Ne7 19. Nh6+ Kf8 20. Ne2 Ng6 21. Nf5 Ne7
22. Neg3 Nxf5 23. Nxf5 Ng8 24. Qh3 Nf6 25. Bh6 Nxe4 26. Bxg7+ Kg8 27. Nh6+ 1-0

[Event "AUTO-OPEN-3257"]
[Site "http://www.queenalice.com/game.php?id=1283289"]
[Date "2014.5.21"]
[Round "1"]
[White "ALDROB"]
[Black "MichaelVanMarcke"]
[Result "0-1"]
[WhiteElo "1710"]
[BlackElo "2359"]

1. d4 Nf6 2. c4 g6 3. Nc3 d6 4. e4 Bg7 5. f3 O-O 6. Be3 Nbd7 7. Bd3 e5 8. d5 Nc5
9. Bc2 a5 10. Qd2 Nfd7 11. O-O-O Nb6 12. b3 a4 13. Kb2 Bd7 14. b4 Nxc4+ 15. Ka1
Nxd2 16. Rxd2 Nb3+ 17. Bxb3 axb3 0-1

[Event "AUTO-OPEN-3257"]
[Site "http://www.queenalice.com/game.php?id=1283290"]
[Date "2014.5.21"]
[Round "1"]
[White "MichaelVanMarcke"]
[Black "ALDROB"]
[Result "1-0"]
[WhiteElo "2360"]
[BlackElo "1767"]

1. d4 g6 2. c4 d6 3. Nc3 Bg7 4. e4 Nc6 5. d5 Ne5 6. f4 Bg4 7. Qc2 Nd7 8. h3 Nh6
9. hxg4 Nxg4 10. Nf3 O-O 11. Bd3 Nc5 12. Be2 Bxc3+ 13. bxc3 a5 14. Ng5 Nf6 15.
e5 dxe5 16. fxe5 Nfd7 17. Be3 f6 18. Nxh7 Rf7 19. Qxg6+ Rg7 20. Qh5 Nxe5 21.
Nxf6+ exf6 22. Qh8+ Kf7 23. Bh5+ Ng6 24. Bxg6+ Rxg6 25. Rh7+ 1-0

[Event "danielglowinski"]
[Site "http://www.queenalice.com/game.php?id=1284055"]
[Date "2014.5.26"]
[Round "1"]
[White "greggy"]
[Black "MichaelVanMarcke"]
[Result "1-0"]
[WhiteElo "2341"]
[BlackElo "2368"]

1. d4 Nf6 2. c4 g6 3. Nc3 Bg7 4. e4 d6 5. Nf3 O-O 6. Be2 c5 7. d5 Nbd7 8. O-O
Re8 9. h3 a6 10. Bf4 Qc7 11. Qd2 b6 12. Rfe1 Rb8 13. Rac1 Bb7 14. b3 Ne5 15.
Nxe5 dxe5 16. Be3 Red8 17. a3 e6 18. b4 Ne8 19. bxc5 bxc5 20. Rb1 Nd6 21. f3 f5
22. Na4 Bf8 23. Qc2 Ne8 24. Rb6 f4 25. Bf2 Ng7 26. Reb1 Kf7 27. R1b3 1-0

[Event "Challenge"]
[Site "http://www.queenalice.com/game.php?id=1288737"]
[Date "2014.6.16"]
[Round "-"]
[White "tucot"]
[Black "MichaelVanMarcke"]
[Result "0-1"]
[WhiteElo "2339"]
[BlackElo "2355"]

1. e4 g6 2. d4 Bg7 3. Nc3 d6 4. Be3 c6 5. Qd2 b5 6. a4 b4 7. Nce2 Nf6 8. f3 a5
9. g4 h5 10. g5 Nfd7 11. f4 c5 12. Bg2 O-O 13. e5 Ra6 14. O-O-O Qc7 15. Nf3 Bb7
16. Kb1 Rc8 17. Rhe1 Be4 18. Ng3 Bxf3 19. Bxf3 cxd4 20. Bxd4 dxe5 21. fxe5 Nxe5
22. Bd5 Nbd7 23. Rf1 Rd6 24. Bb3 Nc5 25. Qe3 Rcd8 26. Bxc5 Rxd1+ 27. Rxd1 Rxd1+
28. Ka2 Qd7 29. Ne4 Nc4 30. Qe2 Nxb2 31. Qf3 Nc4 32. Nf6+ exf6 33. gxf6 Qd2 0-1

[Event "Challenge"]
[Site "http://www.queenalice.com/game.php?id=1288738"]
[Date "2014.6.16"]
[Round "-"]
[White "MichaelVanMarcke"]
[Black "tucot"]
[Result "1-0"]
[WhiteElo "2367"]
[BlackElo "2356"]

1. d4 Nf6 2. c4 e6 3. a3 c5 4. Nf3 cxd4 5. Nxd4 Nc6 6. Nc3 Qc7 7. Ndb5 Qb8 8.
Bg5 a6 9. Nd4 Be7 10. e3 d5 11. cxd5 exd5 12. Be2 O-O 13. Qd3 Rd8 14. O-O h6 15.
Bf4 Bd6 16. Bxd6 Qxd6 17. Rfd1 Ne5 18. Qc2 Bg4 19. Rac1 Rac8 20. f3 Bd7 21. b4
g6 22. Qd2 Qe7 23. Re1 Be6 24. Na4 b5 25. Nc5 Nc4 26. Bxc4 dxc4 27. Rcd1 Rd5 28.
e4 Rcxc5 29. bxc5 Rxc5 30. e5 Nd5 31. Qxh6 Qf8 32. Qg5 Nc7 33. Nc2 Bd5 34. f4
Ne6 35. Qh4 Qg7 36. Ne3 g5 37. Qg3 1-0

[Event "AUTO-OPEN-3257"]
[Site "http://www.queenalice.com/game.php?id=1306937"]
[Date "2014.9.8"]
[Round "2"]
[White "Artking"]
[Black "MichaelVanMarcke"]
[Result "1-0"]
[WhiteElo "2074"]
[BlackElo "2331"]

1. e4 g6 2. d4 Bg7 3. f4 d6 4. Nf3 Nf6 5. e5 Nfd7 6. c4 c5 7. d5 dxe5 8. fxe5
Nxe5 9. Be2 Nxf3+ 10. Bxf3 e5 11. O-O f5 12. Nc3 1-0

[Event "AUTO-OPEN-3257"]
[Site "http://www.queenalice.com/game.php?id=1306938"]
[Date "2014.9.8"]
[Round "2"]
[White "MichaelVanMarcke"]
[Black "Artking"]
[Result "0-1"]
[WhiteElo "2352"]
[BlackElo "2046"]

1. d4 Nf6 2. c4 g6 3. Nc3 Bg7 4. e4 d6 5. f4 O-O 6. Be2 Nbd7 7. Nf3 c6 8. O-O a6
9. e5 Ne8 10. Be3 dxe5 11. fxe5 e6 0-1